Дело о поручении исправления должности комнатного надзирателя в Главном педагогическом институте при воспитанниках, проиготовляю...

Доступно только в Электронных читальных залах Найти на картеНа карте
RUSMARC
00004228nmc2a2200000 x 450
0017003e2d5-5fb2-473e-adaf-1f94c2544fdc
00520170425224822.0
100##$a20141017l18511851k l0rusy0189 ca
1010#$arus
102##$aRU
2001#$aДело о поручении исправления должности комнатного надзирателя в Главном педагогическом институте при воспитанниках, проиготовляющихся в учителя по Варшавскому учебному округу, коллежского асессора Родзевича
$j18 сентября - 5 декабря 1851 г.
251##$cДело
300##$aДело
300##$aЗаголовок дела в архивной описи: Дело об отклонении ходатайства учителя Варшавского дворянского института Ф.О. Романовского о введении в учебных заведениях России и Царства Польского руководства по рисованию, составленного им и признанного Академией художеств неудовлетворительным. 7 июля 1852 г. - 30 сентября 1852 г
801#0$aRU
$bРГИА
$c20141017
$gRCR
801#1$aRU
$bГлавНИВЦ
$c20141017
$2rusmarc
801#2$aRU
$bПБ им. Б.Н. Ельцина
$c20170425
$gRCR
$2rusmarc
850##$aРГИА
852##$aРГИА
$eФедеральное казенное учреждение "Российский государственный исторический архив" (РГИА)
$j368
937##$hРГИА
$d11184510
$aASBIBLIO_SCAN
462#0$10015a39e5d3-dc69-4a86-ab96-9d2e08e41784
$12001
$aДела Департамента народного просвещения по Варшавскому учебному округу
$1251
$cОпись
$1852
$j77
461#0$1001a74412a3-3cc5-4d21-8f0a-dfe2fbd9e72d
$12001
$aДепартамент народного просвещения Министерства народного просвещения (1803-1917)
$1251
$cФонд
$1852
$j733
215##$a14 л.
$d36,5x26 см
371##$aДокумент не является опубликованным и широко распространяемым
105##$ay###
1222#$ad
035##$a7003e2d5-5fb2-473e-adaf-1f94c2544fdc
856##$uhttp://readingroom.main.prlib.ru/item.aspx?id_node=n97643648&mode=full
Формат отображения